Mezinárodní doprava.

Uložené v:
Podrobná bibliografia
Hlavný autor: Patočka, Antonín, 1905-
Médium: Kniha
Jazyk:Czech
Vydané: Praha : Státní pedagogické nakladtelství, 1972.
Fyzický popis: 242 strán, 10 príloh.
Tagy: Pridať tag
Žiadne tagy, Buďte prvý kto otaguje tento záznam!

MARC

LEADER 00000nam a22000002i 4500
001 000748708
005 20260319141313.0
008 260319s1972 xr e 000 0 cze d
FMT
020 |c Kčs 15,00  |q (brožované) 
040 |a SVKKK  |b slo  |c SVKKK  |e rda 
100 1 |a Patočka, Antonín,  |d 1905- 
245 1 0 |a Mezinárodní doprava. 
264 1 |a Praha :  |b Státní pedagogické nakladtelství,  |c 1972. 
300 |a 242 strán, 10 príloh. 
336 |a text  |b txt  |2 rdacontent 
337 |a bez média  |b n  |2 rdamedia 
338 |a zväzok  |b nc  |2 rdacarrier 
500 |a Záznam revízie 
910 |a svkkk 
998 |a BK 
OWN
Z30 1 |l SCK01  |l SCK01  |m BOOK  |1 SCKHL  |2 SK16  |b Sklad Pribinova 3. posch.  |3 V.84730  |6 481233  |q 19720319  |5 2721203429  |8 20260319  |g EMPTYKNIHA  |f 20  |s Povinný výt.  |z 0.50  |t 00000000  |u 0000  |w 000748708  |x 000010  |r D  |r 000 
090 |g SCKHL  |k Sklad Pribinova 3. posch.  |a V.84730  |j 481233  |i 2721203429  |s Povinný výt.  |r 000